000
00318pam a2200145 a 4500
020
_c
041
_h
082
_a
330
_b
PAP
100
_a
Pappas, J.L.
245
_a
Managerial Economics
_h
Textual Documents
260
_a
Hinsdale
_b
The Dryden Press
300
_a
656/CB
700
_a
Brigham, E.A.
930
_a
2577
999
_c
109409
_d
109409